Normal view MARC view

Entry Uniform Title

Number of records used in: 2

001 - CONTROL NUMBER

  • control field: 28633

003 - CONTROL NUMBER IDENTIFIER

  • control field: dpl

005 - DATE AND TIME OF LATEST TRANSACTION

  • control field: 20110616162556.0

008 - FIXED-LENGTH DATA ELEMENTS

  • fixed length control field: 110616|||a|||||| | ||| d

040 ## - CATALOGING SOURCE

  • Original cataloging agency: dpl
  • Transcribing agency: dpl

130 ## - HEADING--UNIFORM TITLE

  • Uniform title: टाटा मैग्राहिल्स सीरिज

670 ## - SOURCE DATA FOUND

  • Source citation: Work cat.: (dpl)52687: 747 रेड्डी, के. कृष्ण, भारत का इतिहासः, 2011

670 ## - SOURCE DATA FOUND

  • Source citation: Work cat.: (dpl)52687: 747 रेड्डी, के. कृष्ण, भारत का इतिहासः, 2011

© Delhi Public Library
Hit Counter
free hit counter